000 00226nam a22000857a 4500
008 160920b xxu||||| |||| 00| 0 eng d
100 _9683
_aDhaka.N.P.etal
245 _aLab. Chemistry-XI
260 _aNew Delhi
_bABD Publications
_c2011
999 _c3340
_d3340